| 000 | 01107nam0a22002651 4500 | ||
|---|---|---|---|
| 001 | rc\832729 | ||
| 005 | 20250622010525.0 | ||
| 035 | _a(NLR Aleph) 006014711 | ||
| 090 |
_a7365301 _c7365301 |
||
| 100 | _a20041129d1984 |||y0rusy50 ca | ||
| 101 | 0 | _arus | |
| 102 | _aRU | ||
| 105 | _aa ||||||||| | ||
| 200 | 1 |
_aУправление силами ГО при угрозе нападения и ликвидации последствий нападения противника _eТема 9 _eМетод. разраб. |
|
| 210 |
_aМ. _cБ. и. _d1984 |
||
| 215 |
_a[1], 18 с. _cил. _d20 |
||
| 300 | _aНа обл. авт. не указан | ||
| 300 | _aВ надзаг.: М-во сел. хоз-ва РСФСР Всерос. ин-т повышения квалификации руководящих работников и специалистов сел. хоз-ва, Курс. гражд. обороны | ||
| 333 | _aДСП. Экз. № 00003 | ||
| 700 | 1 |
_aИнешин _bЛ.М. |
|
| 801 | 0 |
_aRU _bNLR _gpsbo |
|
| 801 | 1 |
_aRU _bELAR _2rusmarc |
|
| 852 |
_aNLR _j86-50К/403 |
||
| 942 | _cBOOK | ||
| 980 | _aNB | ||